ბათუმის შოთა რუსთაველის სახელმწიფო უნივერსიტეტის ბიბლიოთეკა

დაბალ და საშუალოდაწნევიან წყალმიმღებ ნაგებობათა სათავე კვანძის ჰიდრავლიკური გაანგარიშება : (ბიბ.ჩანაწერი № 56911)

000 -ლიდერი
ფიქსირებული სიგრძის საკონტროლო ველი 01699nam a2200181 4500
003 - საკონტროლო ნომრის იდენტიფიკატორი
საკონტროლო ველი Ge_BSU
005 - ბოლო ოპერაციის თარიღი და დრო
საკონტროლო ველი 20190617215012.0
008 - ფიქსირებული სიგრძის მონაცემთა ელემენტები - ზოგადი ინფორმაცია
ფიქსირებული სიგრძის საკონტროლო ველი 190617b1980 ge ||||| |||| 00| 0 geo d
041 ## - ენის კოდი
Language code of text/sound track or separate title geo
080 ## - უნივერსალური ათობითი კლასიფიკაციის ინდექსი
Universal Decimal Classification number 626.86 (072) დ-12
245 ## - ცნობა სათაურის შესახებ
Title დაბალ და საშუალოდაწნევიან წყალმიმღებ ნაგებობათა სათავე კვანძის ჰიდრავლიკური გაანგარიშება :
Remainder of title (მეთოდ. მითითებები საკ. სამუშ. შესასრ. ჰიდროტექ. სპ. სტუდ.) /
Statement of responsibility, etc საქ. პოლიტექ. ინ-ტი, ჰიდრავ. და ჰიდროელექტ. კათედრა ; [შემდგ. : ნ. ქუთათელაძე].
264 ## - წარმოების, გამოცემის, დისტრიბუციის და სხვა ცნობები
გამოცემის, წარმოების, დისტრიბუციის... ადგილი თბილისი :
გამოცემის, წარმოების, დისტრიბუციის... სახელწოდება სპი,
გამოცემის, წარმოების, დისტრიბუციის... თარიღი 1980.
300 ## - ფიზიკური აღწერა
Extent 54 გვ. ;
Dimensions 20 სმ.
653 ## - INDEX TERM--UNCONTROLLED
Uncontrolled term წყალმიმღები ნაგებობები
700 ## - ADDED ENTRY--PERSONAL NAME
Personal name ქუთათელაძე, ნ.
Relator term შემდგენელი
9 (RLIN) 1248
710 ## - ADDED ENTRY--CORPORATE NAME
Corporate name or jurisdiction name as entry element საქ. პოლიტექ. ინ-ტი
Subordinate unit ჰიდრავ. და ჰიდროელექტ. კათედრა
9 (RLIN) 2533
942 ## - ADDED ENTRY ELEMENTS (KOHA)
Source of classification or shelving scheme
Koha item type წიგნი
ეგზემპლარები
ჩამოწერის სტატუსი დაკარგული ეგზემპლარის სტატუსი კლასიფიკაციის წყარო ან თაროზე გაწყობის სქემა დაზიანების სტატუსი არ გაიცემა მუდმივი მდებარეობა (დაცვის ადგილი) ამჟამინდელი ადგილსამყოფელი თაროზე განთავსების ადგილი შეძენის თარიღი ღირებულება, შესყიდვის ნორმალური ფასი სრული შენახვის შიფრი შტრიხკოდი ბოლო ოპერაციის თარიღი ეგზემპლარის მიმდევრობითი ნომერი (კეტერი?) ფასის ძალაში შესვლის თარიღი ეგზემპლარის სახეობა საჯარო შენიშვნა
          ტექნოლოგიური ფაკულტეტის ბიბლიოთეკა ტექნოლოგიური ფაკულტეტის ბიბლიოთეკა წიგნსაცავი 2019-06-17 0.50 626.86 (072) დ-12 12321 2019-06-17 12321 2019-06-17 წიგნი 0.50 ლ.
          ტექნოლოგიური ფაკულტეტის ბიბლიოთეკა ტექნოლოგიური ფაკულტეტის ბიბლიოთეკა წიგნსაცავი 2019-06-18 0.50 626.86 (072) დ-12 12322 2019-06-18 12322 2019-06-18 წიგნი 0.50 ლ.
          ტექნოლოგიური ფაკულტეტის ბიბლიოთეკა ტექნოლოგიური ფაკულტეტის ბიბლიოთეკა წიგნსაცავი 2019-06-18 0.50 626.86 (072) დ-12 12323 2019-06-18 12323 2019-06-18 წიგნი 0.50 ლ.
          ტექნოლოგიური ფაკულტეტის ბიბლიოთეკა ტექნოლოგიური ფაკულტეტის ბიბლიოთეკა წიგნსაცავი 2019-06-18 0.50 626.86 (072) დ-12 12324 2019-06-18 12324 2019-06-18 წიგნი 0.50 ლ.